[Event "Clark Harmon Memorial 7th"]
[Site "Portland"]
[Date "2013.04.13"]
[Round "2"]
[White "Eagles, Roland"]
[Black "Raptis, Nick"]
[Result "0-1"]
[WhiteElo "1837"]
[BlackElo "2379"]
[PlyCount "62"]
[EventDate "2013.04.13"]
[EventType "swiss"]
[EventRounds "5"]
[EventCountry "USA"]
[SourceTitle "EXT 2017"]
[Source "ChessBase"]
[SourceDate "2016.10.25"]
[SourceVersion "1"]
[SourceVersionDate "2016.10.25"]
[SourceQuality "1"]

1. c4 f5 2. d4 Nf6 3. Nc3 g6 4. Nf3 Bg7 5. g3 0-0 6. Bg2 d6 7. 0-0 Nc6 8. a3 h6 9. Re1 e5 10. d5 Ne7 11. e4 a5 12. Bd2 g5 13. b4 f4 14. h3 Ng6 15. g4 h5 16. Nh2 hxg4 17. Nxg4 Nxg4 18. hxg4 axb4 19. axb4 Rxa1 20. Qxa1 Bxg4 21. f3 Bc8 22. Kf2 g4 23. Rh1 Qg5 24. Qg1 Nh4 25. Ke2 Rf6 26. Be1 Rh6 27. Bxh4 Rxh4 28. Rxh4 gxf3+ 29. Kxf3 Qxh4 30. Ke2 Qg3 31. Nd1 f3+ 0-1